000 01050cam a2200325 i 4500
003 EG-GICUC
005 20260315111826.0
008 260315s1993 mnu b 001 0 eng d
020 _a0314019200
_qpbk.
020 _a9780314019202
040 _aDLC
_cEG-GICUC
_dEG-GICUC
_erda
043 _an-us---
082 0 0 _a347.224
_221
092 0 4 _221
099 _aLaw 12 1993
100 1 _aRiskin, Leonard L.,
_d1942-
245 1 0 _aDispute resolution and lawyers :
_b1993 Supplement to Hardcover edition /
_cby Leonard L. Riskin, James E. Westbrook.
250 _aHardcover Edition.
264 _aSt. Paul, Minn. :
_bWest Pub. Co.,
_c1993.
300 _axiv, 264 pages ;
_c25 cm.
336 _atext
_2rdacontent
337 _aComputer
_2rdamedia
338 _aOnline Resource
_2rdacarrier
440 0 _aAmerican casebook series
650 0 _aDispute resolution (Law)
_zUnited States.
700 1 _aWestbrook, James E.,
_d1934-
856 4 0 _uhttps://fll.law.cu.edu.eg/fulltext/bks/ENGB12-00094.pdf
905 _a10
942 _2ddc
_cBK
_e21
_n0
999 _c66341
_d66341